1627 1271 1397 1697 1862 1461 1148 1029 1269 1414 1370 1713 1252 1392 1600 1792 1726 1495 1875 1330 1405 1915 1471 1479 1219 1397 1171 1588 1114 1742 1022 1941 1598 1871 1628 1208 1992 1587 1066 1203 1959 1876 1711 1554 1444 1540 1830 1214 1918 1900 1284 1578 1231 1739 1230 1584 1544 1320 1924 1080 1169 1834 1101 1427 1131 1563 1436 1693 1306 1966 1374 1727 1008 1172 1920 1299 1873 1088 1180 1992 1844 1729 1697 1947 1853 1540 1461 1144 1312 1402 1569 1321 1835 1414 1926 1328 1962 1048 1478 BCNSPRNW ULIB Ver.6.0+V

เปลี่ยนเป็นภาษาไทย

Change to English
 แสดงรายละเอียดบรรณานุกรม
  กลับหน้าหลัก

Brief Record : Get Marc (ISO 2709) : E-mail record : QR code < ปิดหน้าต่าง
LEADER : 00000nam 2200000uu 4500
001    13399111771
003     ULIB
008    110627s2552||||th 000 0 tha d
020    9786160600694
090    นว.^bต113จ 2552
100 0  ต่งนี
245 00 จอมกษัตริย์ เจ้าสำราญ ชุด โอรสสวรรค์ร้อยเล่ห์/^cต่งนี
250    พิมพ์ครั้งที่ 1
260    กรุงเทพฯ :^bแจ่มใส,^c2552
300    223 หน้า
945    ^p159^l0^i026963
995    ทศพร
999 ^a ใช้งานได้ทุกระบบ
รายการนี้ยังไม่มีแท็ก
คุณยังไม่ได้ล็อกอิน คุณสามารถมีกิจกรรมร่วมกับเว็บไซต์ได้ แต่ต้องล็อกอินก่อน ::
  ล็อกอิน

รายการสื่อสารสนเทศ

ลำดับที่ ประเภท เลขเรียก/บาร์โค้ด สถานที่ สถานะ
- ไม่พบข้อมูล -

BibComment


ยังไม่เคยถูกคอมเมนท์

คอมเมนท์ทรัพยากรรายการนี้
  คอมเมนท์: จอมกษัตริย์ เจ้าส..


 Copyright 2026. Bcnsprnw @Library